World Cup 2026 Stadiums - Statistics

General Stats
  • This quiz has been taken 22 times
  • The average score is 8 of 16
Answer Stats
Picture Answer % Correct
Hard Rock Stadium
95%
Estadio Banorte
68%
SoFi Stadium
68%
AT&T Stadium
63%
Mercedes-Benz Stadium
63%
MetLife Stadium
63%
GEHA Field at Arrowhead Stadium
53%
Gillette Stadium
53%
Lumen Field
47%
NRG Stadium
47%
Levi's Stadium
42%
BMO Field
32%
Lincoln Financial Field
32%
BC Place
26%
Estadio BBVA
21%
Estadio Akron
11%
No matching quizzes found
Score Distribution
Percent of People with Each Score
Percentile by Number Answered
Your Score History
You have not taken this quiz